| 000 | 00842nam a2200217 a 4500 | ||
|---|---|---|---|
| 001 | 000048954 | ||
| 005 | 20201002061535.0 | ||
| 008 | 190507s2008 dr b r 000 0 spa d | ||
| 020 | _z9789993999657 | ||
| 040 |
_aDO-SdBNP _bspa _cBNPHU |
||
| 082 |
_axxxx _bxxxx |
||
| 245 | 0 | 0 |
_aProyecto marco para las políticas de adaptación a la sequía actual y proyectada en la República Dominicana y la República de Cuba / _cCarlos Manuel Rodríguez Otero...[et al.]. |
| 260 |
_aSanto Domingo : _bSecretaría de Estado de Medio Ambiente, _c2008. |
||
| 300 |
_a153 p. : _bmap. ; _c21 cm. |
||
| 504 | _aBibliografía : p. 150-153 | ||
| 700 | 1 |
_aPérez Hernández, Ada Luisa _976383 |
|
| 700 | 1 |
_aBoquet Roque, Ana _976384 |
|
| 700 | 1 |
_aFavier González, Lucía _976385 |
|
| 700 | 1 |
_aRamírez Tejeada, Omar _976386 |
|
| 700 | 1 |
_aGonzález, Zoila _950860 |
|
| 999 |
_c48442 _d48442 |
||